| 000 | 01133nam a2200289 a 4500 | ||
|---|---|---|---|
| 001 | |||
| 003 | OSt | ||
| 005 | 20220308081710.0 | ||
| 007 | ta | ||
| 008 | 130308s2018 dr ac 000 0 spa d | ||
| 020 | _a9789945912340 | ||
| 040 |
_aDO-SdBNP _bspa _cBPMSU |
||
| 082 |
_a355.5097293 _bJ58e 2018 _222 |
||
| 100 | 1 |
_aJesús Dipré, Pablo de, _d1968- |
|
| 245 | 1 | 0 |
_aEscuela para Cadetes de la Policía Nacional : _borigen y evolución / _cPablo de Jesús Dipré ; edición Piero Espinal Estévez ; fotografías Francisco Franco Galán ; prólogo: Damián Arias Matos. |
| 260 |
_aSan José de las Matas, República Dominicana : _bOPUS, _c2018 |
||
| 300 |
_a301 p. : _bil., retrs. ; _c28 cm. |
||
| 500 | _a50 Aniversario | ||
| 500 | _aIncluye datos biográficos del autor en la solapa de la cubierta | ||
| 590 | _aInventariado, 2022/VM | ||
| 651 | 4 |
_aRepública Dominica. _xPolicia Nacional, Escuela Militar de Cadetes _xHistoria |
|
| 700 |
_aEspinal Estévez, Piero, _eedición |
||
| 700 | 1 |
_a Franco Galán, Francisco, _eFotografías |
|
| 700 | 1 |
_aArias Matos. Damián, _eprólogo |
|
| 910 | _aVMateo V. | ||
| 942 |
_2ddc _cBK |
||
| 999 |
_c14052 _d14052 |
||